| 000 | 00713nam a22002657a 4500 | ||
|---|---|---|---|
| 001 | BR6200221 | ||
| 003 | BR-BrBNA | ||
| 005 | 20230928083405.0 | ||
| 007 | ta | ||
| 008 | 230509b bl.||||| |||| 00| 0 por d | ||
| 040 |
_aBR-BrBNA _bpor _cBiblioteca Nacional de Agricultura |
||
| 041 | _a(Por) | ||
| 072 | _aS00 | ||
| 090 | _ S00 BR6200221 | ||
| 100 | 1 | _aLascio, C.M.S. di | |
| 110 | 1 |
_aUniversidade do Recife, PE (Brasil) _910611 |
|
| 245 | 1 | _aTabus alimentares [habito alimentar] | |
| 260 | 3 |
_aRecife, PE (Brasil): _c1962. |
|
| 300 | _a16 p. | ||
| 500 | _a7 ref.; Summaries (Eng, Por) | ||
| 650 | _aALIMENTACAO | ||
| 650 | _aHABITO ALIMENTAR | ||
| 909 |
_a202309 _bLucia _c55 _dLucia Elande |
||
| 942 | _cBK | ||
| 999 |
_c13202 _d13202 |
||